<?xml version="1.0" encoding="UTF-8"?>
<collection xmlns="http://www.loc.gov/MARC21/slim">
 <record>
  <leader>00569pamaa2200181   4500</leader>
  <controlfield tag="001">0000022230</controlfield>
  <controlfield tag="005">20151112090000.0</controlfield>
  <controlfield tag="008">151112                             eng  </controlfield>
  <datafield tag="020" ind1="0" ind2="0">
   <subfield code="a">9780345476982 (pbk.) </subfield>
  </datafield>
  <datafield tag="090" ind1="0" ind2="0">
   <subfield code="a">PS3557.E687 </subfield>
   <subfield code="b">GER 2006</subfield>
  </datafield>
  <datafield tag="100" ind1="1" ind2="0">
   <subfield code="a">Gerritsen </subfield>
  </datafield>
  <datafield tag="245" ind1="1" ind2="0">
   <subfield code="a">Vanish : </subfield>
   <subfield code="b">a novel  </subfield>
   <subfield code="c">Tess Gerritsen.</subfield>
  </datafield>
  <datafield tag="260" ind1="0" ind2="0">
   <subfield code="a">New York: </subfield>
   <subfield code="b">Ballantine Books, </subfield>
   <subfield code="c">2006.</subfield>
  </datafield>
  <datafield tag="300" ind1=" " ind2=" ">
   <subfield code="a">401p.; </subfield>
   <subfield code="c">18cm.</subfield>
  </datafield>
  <datafield tag="650" ind1="0" ind2="0">
   <subfield code="a">Police -- </subfield>
   <subfield code="x">Boston -- </subfield>
   <subfield code="x">Fiction -- </subfield>
   <subfield code="z">Massachusetts </subfield>
  </datafield>
  <datafield tag="650" ind1="0" ind2="0">
   <subfield code="a">Boston (Mass.) -- </subfield>
   <subfield code="x">Fiction </subfield>
  </datafield>
  <datafield tag="650" ind1="0" ind2="0">
   <subfield code="a">Policewomen -- </subfield>
   <subfield code="x">Fiction </subfield>
  </datafield>
  <datafield tag="901" ind1=" " ind2=" ">
   <subfield code="u">www.ballantinebooks.com</subfield>
  </datafield>
 </record>
</collection>
